Образование - главный фактор развития человеческого капитала; Ресурсоэффективные системы в управлении и контроле: взгляд в будущее; Ч. 4

Bibliographic Details
Parent link:Ресурсоэффективные системы в управлении и контроле: взгляд в будущее: сборник научных трудов II Международной конференции школьников, студентов, аспирантов, молодых ученых, 08 - 12 октября 2013 г./ Национальный исследовательский Томский политехнический университет (ТПУ).— , 2013
Ч. 4.— 2013.— [С. 122-124]
Main Author: Сопыряева Ю. Е.
Corporate Author: Национальный исследовательский Томский политехнический университет (ТПУ) Институт социально-гуманитарных технологий (ИСГТ) Кафедра экономики (ЭКОН)
Other Authors: Борисова Л. М. Людмила Михайловна
Summary:Заглавие с титульного экрана
Исследован человеческий капитал как один из главных факторов национального богатства. В контексте теории человеческого капитала рассмотрено образование как социально-экономическое явление, проанализировано состояние системы образования в России, выявлены его отрицательные стороны, предложены возможные пути улучшения системы образования. Определена важность высшего образования как средства развития человеческого капитала в России и уменьшения уровня безработицы. « Самого человека…я не рассматриваю как богатство. Но его приобретенные способности, которые существуют лишь как средство и порождены трудом, с полным основанием, я считаю, попадают в эту категорию. Мастерство, энергия и настойчивость рабочих страны в такой же мере считаются ее богатством, как и их инструменты и машины». Джон Стюарт Милль.
Language:Russian
Published: 2013
Series:Концепции управления в современной экономике
Subjects:
Online Access:http://www.lib.tpu.ru/fulltext/c/2013/C47/V4/047.pdf
Format: Electronic Book Chapter
KOHA link:https://koha.lib.tpu.ru/cgi-bin/koha/opac-detail.pl?biblionumber=603201

MARC

LEADER 00000naa2a2200000 4500
001 603201
005 20260226134400.0
035 |a (RuTPU)RU\TPU\conf\350 
035 |a RU\TPU\conf\344 
090 |a 603201 
100 |a 20131219d2013 k y0rusy50 ca 
101 0 |a rus 
102 |a RU 
135 |a drnn ---uucaa 
181 0 |a i  
182 0 |a b 
200 1 |a Образование - главный фактор развития человеческого капитала  |f Ю. Е. Сопыряева, Л. М. Борисова 
203 |a Текст  |c электронный 
225 1 |a Концепции управления в современной экономике 
300 |a Заглавие с титульного экрана 
320 |a [Библиогр.: с. 124 (4 назв.)] 
330 |a Исследован человеческий капитал как один из главных факторов национального богатства. В контексте теории человеческого капитала рассмотрено образование как социально-экономическое явление, проанализировано состояние системы образования в России, выявлены его отрицательные стороны, предложены возможные пути улучшения системы образования. Определена важность высшего образования как средства развития человеческого капитала в России и уменьшения уровня безработицы. « Самого человека…я не рассматриваю как богатство. Но его приобретенные способности, которые существуют лишь как средство и порождены трудом, с полным основанием, я считаю, попадают в эту категорию. Мастерство, энергия и настойчивость рабочих страны в такой же мере считаются ее богатством, как и их инструменты и машины». Джон Стюарт Милль. 
337 |a Adobe Reader 
461 1 |0 (RuTPU)RU\TPU\conf\171  |t Ресурсоэффективные системы в управлении и контроле: взгляд в будущее  |o сборник научных трудов II Международной конференции школьников, студентов, аспирантов, молодых ученых, 08 - 12 октября 2013 г.  |o в 4 ч.  |f Национальный исследовательский Томский политехнический университет (ТПУ)  |d 2013 
463 1 |0 (RuTPU)RU\TPU\conf\317  |t Ч. 4  |v [С. 122-124]  |d 2013 
610 1 |a труды учёных ТПУ 
610 1 |a электронный ресурс 
610 1 |a образовательная система 
610 1 |a человеческий капитал 
700 1 |a Сопыряева  |b Ю. Е. 
701 1 |a Борисова  |b Л. М.  |c экономист  |c доцент Томского политехнического университета, кандидат экономических наук  |f 1976-  |g Людмила Михайловна  |3 (RuTPU)RU\TPU\pers\25991  |9 11840 
712 0 2 |a Национальный исследовательский Томский политехнический университет (ТПУ)  |b Институт социально-гуманитарных технологий (ИСГТ)  |b Кафедра экономики (ЭКОН)  |3 (RuTPU)RU\TPU\col\18375 
801 2 |a RU  |b 63413507  |c 20131219  |g RCR 
856 4 |u http://www.lib.tpu.ru/fulltext/c/2013/C47/V4/047.pdf 
942 |c BK